[Event "ARG-ch sf 98th"]
[Site "Buenos Aires"]
[Date "2023.05.07"]
[Round "9"]
[White "Jabie, Rafael"]
[Black "Robledo, Eduardo"]
[Result "1/2-1/2"]
[WhiteElo "2029"]
[BlackElo "1842"]
[PlyCount "61"]
[EventDate "2023.04.29"]
[EventType "swiss"]
[EventRounds "9"]
[EventCountry "ARG"]
[SourceTitle "EXT 2024"]
[Source "ChessBase"]
[SourceDate "2023.10.10"]
[SourceVersion "1"]
[SourceVersionDate "2023.10.10"]
[SourceQuality "1"]

1. e4 c5 2. Nc3 Nc6 3. g3 g6 4. Bg2 Bg7 5. d3 e6 6. Nge2 Nge7 7. Be3 d6 8. Qd2 Nd4 9. Nd1 Rb8 10. c3 Nxe2 11. Qxe2 0-0 12. Qd2 Nc6 13. 0-0 b5 14. f4 Qc7 15. g4 f5 16. gxf5 exf5 17. Bf2 b4 18. exf5 gxf5 19. Ne3 bxc3 20. bxc3 Bd7 21. Nd5 Qa5 22. Rfe1 Rfe8 23. Bh4 Rf8 24. Be7 Nxe7 25. Rxe7 Bc6 26. Rae1 Kh8 27. Rxg7 Kxg7 28. Re7+ Kh8 29. Qe1 Rbe8 30. Rxh7+ Kxh7 31. Qh4+ 1/2-1/2

[Event "ARG-ch sf 98th"]
[Site "Buenos Aires"]
[Date "2023.05.06"]
[Round "8"]
[White "Robledo, Eduardo"]
[Black "Chiappero, Julio Alfredo"]
[Result "1-0"]
[WhiteElo "1842"]
[BlackElo "2015"]
[PlyCount "78"]
[EventDate "2023.04.29"]
[EventType "swiss"]
[EventRounds "9"]
[EventCountry "ARG"]
[SourceTitle "CBM 214 Extra"]
[Source "ChessBase"]
[SourceDate "2023.07.31"]
[SourceVersion "1"]
[SourceVersionDate "2023.07.31"]
[SourceQuality "1"]

1. e4 c5 2. Nf3 e6 3. d4 cxd4 4. Nxd4 Nf6 5. Nc3 Nc6 6. Ndb5 Bb4 7. a3 Bxc3+ 8. Nxc3 d5 9. exd5 exd5 10. Bd3 0-0 11. 0-0 h6 12. Bf4 d4 13. Ne4 Nxe4 14. Bxe4 Qf6 15. Qd2 Bf5 16. Rfe1 Rfe8 17. Bd3 Rac8 18. Bg3 Qg6 19. f3 Bxd3 20. cxd3 Qf5 21. Re4 Rxe4 22. fxe4 Qb5 23. Rc1 Rd8 24. Rc4 Qh5 25. b4 Rd7 26. Rc5 Qg4 27. Kf2 Qe6 28. Qc2 Ne7 29. b5 b6 30. Re5 Qd6 31. Qb2 Qf6+ 32. Kg1 Rc7 33. h3 Rc3 34. Qd2 Rxa3 35. Kh2 Ra1 36. Qf2 Kf8 37. Qxd4 Ng6 38. Qxa1 Nxe5 39. Qxe5 Qf1 1-0

[Event "ARG-ch sf 98th"]
[Site "Buenos Aires"]
[Date "2023.04.29"]
[Round "1"]
[White "Perez, Daniel Guillermo"]
[Black "Robledo, Eduardo"]
[Result "1-0"]
[WhiteElo "2293"]
[BlackElo "1842"]
[PlyCount "81"]
[EventDate "2023.04.29"]
[EventType "swiss"]
[EventRounds "9"]
[EventCountry "ARG"]
[SourceTitle "CBM 214 Extra"]
[Source "ChessBase"]
[SourceDate "2023.07.31"]
[SourceVersion "1"]
[SourceVersionDate "2023.07.31"]
[SourceQuality "1"]

1. d4 d5 2. c4 e6 3. Nc3 Be7 4. Nf3 Nf6 5. e3 0-0 6. Bd3 b6 7. 0-0 Bb7 8. Qe2 Nbd7 9. b3 c5 10. Rd1 cxd4 11. exd4 Re8 12. Bf4 dxc4 13. bxc4 Nh5 14. Be3 Bb4 15. Rac1 Bxc3 16. Rxc3 Qf6 17. Ng5 Nf4 18. Bxh7+ Kf8 19. Bxf4 Qxf4 20. Be4 Bxe4 21. Nxe4 Nf6 22. Nxf6 Qxf6 23. Rf3 Qg6 24. Rg3 Qf6 25. Qh5 g6 26. Qh6+ Qg7 27. Qc1 Kg8 28. h4 Red8 29. d5 exd5 30. cxd5 Rd6 31. Qc7 Rad8 32. h5 R6d7 33. Qc4 Rd6 34. Qe4 a6 35. hxg6 fxg6 36. Rc1 Qf7 37. Rc6 Kh7 38. Rh3+ Kg7 39. Rf3 Qxd5 40. Qe7+ Kg8 41. Rxd6 1-0

[Event "Parana Dos Orillas 7th"]
[Site "Parana"]
[Date "2018.08.04"]
[Round "4.5"]
[White "Robledo, Eduardo"]
[Black "Penafiel, Horacio"]
[Result "0-1"]
[WhiteElo "1919"]
[BlackElo "2168"]
[PlyCount "38"]
[EventDate "2018.08.03"]
[EventType "swiss"]
[EventRounds "6"]
[EventCountry "ARG"]
[SourceTitle "EXT 2024"]
[Source "ChessBase"]
[SourceDate "2023.10.10"]
[SourceVersion "1"]
[SourceVersionDate "2023.10.10"]
[SourceQuality "1"]

1. d4 Nf6 2. Bf4 e6 3. e3 c5 4. c3 d5 5. Nd2 Nc6 6. Bd3 Bd6 7. Bxd6 Qxd6 8. f4 cxd4 9. cxd4 0-0 10. a3 b6 11. Nh3 Bb7 12. g4 Na5 13. Nf2 Nc4 14. Rb1 Nxe3 15. Qf3 Qxf4 16. Qh3 g6 17. Rg1 Ne4 18. Bxe4 dxe4 19. g5 Nc2+ 0-1

[Event "Monteros op 7th"]
[Site "Monteros"]
[Date "2017.08.19"]
[Round "1"]
[White "Zamorano, Jorge Adrian"]
[Black "Robledo, Eduardo"]
[Result "1-0"]
[WhiteElo "2335"]
[BlackElo "1891"]
[PlyCount "97"]
[EventDate "2017.08.19"]
[EventType "swiss"]
[EventRounds "7"]
[EventCountry "ARG"]
[SourceTitle "EXT 2020"]
[Source "ChessBase"]
[SourceDate "2019.10.17"]
[SourceVersion "1"]
[SourceVersionDate "2019.10.17"]
[SourceQuality "1"]

1. d4 d5 2. c4 c6 3. Nf3 Nf6 4. Nc3 dxc4 5. a4 Bf5 6. e3 e6 7. Bxc4 Bb4 8. 0-0 Nbd7 9. Qe2 Bg6 10. e4 0-0 11. Bd3 Bh5 12. e5 Nd5 13. Nxd5 cxd5 14. Qe3 Be7 15. Ne1 Bg6 16. f4 Rc8 17. g4 Bxd3 18. Nxd3 Qb6 19. Bd2 Qb3 20. Bc3 Rc4 21. f5 Kh8 22. a5 Rfc8 23. fxe6 fxe6 24. Rf7 Re8 25. Raf1 Kg8 26. g5 b5 27. axb6 axb6 28. Qh3 Nf8 29. Qf3 Rcc8 30. Rxe7 Rxe7 31. Bb4 Qc4 32. Bxe7 Qxd4+ 33. Kh1 Ng6 34. Bd6 Kh8 35. b3 Qh4 36. Qg2 Rc3 37. Qf3 h5 38. gxh6 Qxh6 39. Qe2 Qh3 40. Nf2 Qh6 41. Qg4 Kh7 42. Rg1 Rxb3 43. Qxe6 Rf3 44. Ng4 Qh5 45. Qxd5 Qf5 46. Nf6+ gxf6 47. Qf7+ Kh6 48. Bf8+ Nxf8 49. Qxf8+ 1-0

[Event "ARG-ch sf 92nd"]
[Site "Buenos Aires"]
[Date "2017.07.13"]
[Round "4"]
[White "Maggiori, Luciano"]
[Black "Robledo, Eduardo"]
[Result "0-1"]
[WhiteElo "2078"]
[BlackElo "1847"]
[PlyCount "98"]
[EventDate "2017.07.10"]
[EventType "swiss"]
[EventRounds "9"]
[EventCountry "ARG"]
[SourceTitle "EXT 2018"]
[Source "ChessBase"]
[SourceDate "2017.10.13"]
[SourceVersion "1"]
[SourceVersionDate "2017.10.13"]
[SourceQuality "1"]

1. e4 c5 2. Nc3 g6 3. g3 Bg7 4. Bg2 Nc6 5. d3 e6 6. Be3 d6 7. Qd2 Nge7 8. Nge2 0-0 9. 0-0 Nd4 10. Nc1 Rb8 11. Nd1 e5 12. c3 Ne6 13. Nb3 a5 14. a4 b5 15. axb5 Rxb5 16. Qc2 Qb6 17. Nd2 Bd7 18. Nc4 Qc7 19. Qc1 f5 20. f4 exf4 21. Bxf4 Nxf4 22. Qxf4 Be5 23. Qg5 Bf6 24. Qd2 Be6 25. Nde3 Bg5 26. Qe2 f4 27. Nd5 Nxd5 28. exd5 Bd7 29. gxf4 Bxf4 30. Qe4 g5 31. Qf3 Bxh2+ 32. Kxh2 Rxf3 33. Rxf3 Bg4 34. Re3 Rb8 35. Rae1 Qf7 36. Kg1 Rf8 37. Rf1 Qc7 38. Rfe1 Qf7 39. Rf1 Qc7 40. Rfe1 Rf7 41. Re8+ Kg7 42. Ra8 a4 43. Ra6 Rf6 44. Na5 Qd7 45. Nc6 Qf5 46. Ra7+ Kh8 47. Ra8+ Kg7 48. Ra1 Kh6 49. Rf1 Qg6 0-1

[Event "ARG-ch sf U2300 Ottonello Memorial"]
[Site "Monteros"]
[Date "2016.09.17"]
[Round "2.7"]
[White "Robledo, Eduardo"]
[Black "Zaidman, Ivan"]
[Result "1-0"]
[WhiteElo "1871"]
[BlackElo "2022"]
[PlyCount "68"]
[EventDate "2016.09.17"]
[EventType "swiss"]
[EventRounds "6"]
[EventCountry "ARG"]
[SourceTitle "EXT 2024"]
[Source "ChessBase"]
[SourceDate "2023.10.10"]
[SourceVersion "1"]
[SourceVersionDate "2023.10.10"]
[SourceQuality "1"]

1. d4 Nf6 2. Nf3 c5 3. e3 g6 4. Bd3 Bg7 5. 0-0 cxd4 6. exd4 0-0 7. c4 d5 8. c5 Nc6 9. Nc3 b6 10. Bb5 Bb7 11. Bxc6 Bxc6 12. b4 Ne4 13. Qb3 bxc5 14. bxc5 e6 15. Bf4 g5 16. Be5 f5 17. Bxg7 Kxg7 18. Ne5 Qc7 19. Qc2 Be8 20. f3 Nf6 21. Rab1 Bc6 22. Nb5 Bxb5 23. Rxb5 Rab8 24. Rfb1 a6 25. Rb6 Rfc8 26. Qb3 Rxb6 27. Qxb6 Nd7 28. Qxc7 Rxc7 29. Nxd7 Rxd7 30. Rb6 e5 31. dxe5 Rc7 32. e6 Kf6 33. g4 fxg4 34. fxg4 Ke7 1-0